<?xml version="1.0" encoding="UTF-8"?>
<collection xmlns="http://www.loc.gov/MARC21/slim">
 <record>
  <leader>05716nam a2200361 a 4500</leader>
  <controlfield tag="001">kal3160</controlfield>
  <controlfield tag="003">Gr-AtHEAL</controlfield>
  <controlfield tag="005">20160427140613.0</controlfield>
  <controlfield tag="006">m        d        </controlfield>
  <controlfield tag="008">160413s2015    gr      s           gre|c</controlfield>
  <datafield tag="020" ind1=" " ind2=" ">
   <subfield code="a">9789606030604</subfield>
  </datafield>
  <datafield tag="040" ind1=" " ind2=" ">
   <subfield code="a">GR-AtHEAL</subfield>
   <subfield code="b">gre</subfield>
   <subfield code="c">GR-AtHEAL</subfield>
  </datafield>
  <datafield tag="082" ind1="0" ind2="4">
   <subfield code="a">001.6</subfield>
   <subfield code="2">23</subfield>
  </datafield>
  <datafield tag="100" ind1="1" ind2=" ">
   <subfield code="a">Βεσκούκης, Βασίλειος.</subfield>
   <subfield code="8">2227</subfield>
  </datafield>
  <datafield tag="245" ind1="1" ind2="0">
   <subfield code="a">Στοιχεία τεχνολογίας λογισμικού</subfield>
   <subfield code="h">[Ηλεκτρονικός πόρος] </subfield>
   <subfield code="c">Βεσκούκης, Βασίλειος ; Κριτικός αναγνώστης,Καλλές, Δημήτριος ; Γραφιστική επιμέλεια,Καπαντώνη, Κλειώ ; Γλωσσική επιμέλεια,Αγγελοπούλου, Ιωάννα.</subfield>
  </datafield>
  <datafield tag="260" ind1=" " ind2=" ">
   <subfield code="a">Αθήνα :</subfield>
   <subfield code="b">Σύνδεσμος Ελληνικών Ακαδημαϊκών Βιβλιοθηκών,</subfield>
   <subfield code="c">c2015.</subfield>
  </datafield>
  <datafield tag="490" ind1=" " ind2=" ">
   <subfield code="a">Ακαδημαϊκά Ηλεκτρονικά Συγγράμματα και Βοηθήματα Κάλλιπος</subfield>
   <subfield code="8">40</subfield>
  </datafield>
  <datafield tag="520" ind1=" " ind2=" ">
   <subfield code="a">Η Τεχνολογία Λογισμικού (Software Engineering) είναι μια δια-θεματική περιοχή της επιστήμης της πληροφορικής. Περιλαμβάνει δυνητικά όλες τις επιμέρους περιοχές της συγκεκριμένης επιστήμης, όπως αλγόριθμοι, προγραμματισμός, δομές δεδομένων, βάσεις δεδομένων, δίκτυα υπολογιστών, λειτουργικά συστήματα, ασφάλεια, σχεδίαση διεπαφών χρήστη, κ.ά. Περιλαμβάνει επίσης στοιχεία από άλλες ειδικότητες της μηχανικής, όπως διασφάλιση ποιότητας και διαχείριση έργων. Τέλος, δεν αποτελεί μόνο γνωστικό αντικείμενο στο επίπεδο της θεωρίας, αλλά σχετίζεται ισχυρά με το τελικό αποτέλεσμα και το κόστος της κατασκευής, το οποίο έχει σημαντικές επιπτώσεις στο περιβάλλον που χρησιμοποιείται. Με την έννοια αυτή, η Τεχνολογία Λογισμικού είναι ό,τι περίπου η διαχείριση μεγάλων τεχνικών έργων, η οποία δεν μπορεί παρά να γίνεται από μηχανικούς που αντιλαμβάνονται όλες τις επιμέρους γνωστικές περιοχές ενός έργου, αλλά και το κόστος δημιουργίας και λειτουργίας του.Η ραγδαία εξέλιξη της επιστήμης της πληροφορικής δημιούργησε τεράστια ανάγκη για την παραγωγή λογισμικού που σήμερα βρίσκεται κυριολεκτικά σε κάθε σύγχρονη συσκευή η οποία ενσωματώνει κάποιας μορφής ηλεκτρονικό υπολογιστή. Ωστόσο η ανάπτυξη του λογισμικού συνεχίζει να αποτελεί πρόκληση, η μη αντιμετώπιση της οποίας συχνά οδηγεί σε αποτυχημένα έργα μεγάλης κλίμακας, με το κόστος να είναι μόνο μία από τις επιπτώσεις. Παράλληλα, το λογισμικό είναι ένας ισχυρός μοχλός ανάπτυξης που απαιτεί μόνο επένδυση σε μυαλό.Στο πλαίσιο αυτό, η πειθαρχημένη αντιμετώπιση της ανάπτυξης λογισμικού αποτελεί μεγάλη πρόκληση την οποία καλείται να αντιμετωπίσει η θεματική ομπρέλα που καλύπτει το πλήθος γνωστικών αντικειμένων της πληροφορικής, η οποία ονομάζεται &quot;Τεχνολογία Λογισμικού&quot;. Σε αυτή την πειθαρχημένη αντιμετώπιση στοχεύει να συμβάλλει το προτεινόμενο βιβλίο το οποίο αποτελεί εξέλιξη ενός δίτομου έργου του οποίου η αρχική συγγραφή έγινε πριν από 12 έτη.</subfield>
  </datafield>
  <datafield tag="650" ind1=" " ind2="0">
   <subfield code="a">Computer software</subfield>
   <subfield code="8">2701</subfield>
  </datafield>
  <datafield tag="653" ind1=" " ind2=" ">
   <subfield code="a">Πρότυπα λογισμικού</subfield>
  </datafield>
  <datafield tag="653" ind1=" " ind2=" ">
   <subfield code="a">Δομημένη ανάλυση και σχεδίαση</subfield>
  </datafield>
  <datafield tag="653" ind1=" " ind2=" ">
   <subfield code="a">Αντικειμενοστρεφής ανάλυση και σχεδίαση</subfield>
  </datafield>
  <datafield tag="653" ind1=" " ind2=" ">
   <subfield code="a">Ανάπτυξη λογισμικού</subfield>
  </datafield>
  <datafield tag="653" ind1=" " ind2=" ">
   <subfield code="a">Πληροφοριακά συστήματα</subfield>
  </datafield>
  <datafield tag="653" ind1=" " ind2=" ">
   <subfield code="a">Τεχνολογία λογισμικού</subfield>
  </datafield>
  <datafield tag="653" ind1=" " ind2=" ">
   <subfield code="a">Επιστήμη υπολογιστών / Πληροφορική</subfield>
   <subfield code="a">Διαχείριση πληροφορίας</subfield>
  </datafield>
  <datafield tag="653" ind1=" " ind2=" ">
   <subfield code="a">Επιστήμη υπολογιστών / Πληροφορική</subfield>
   <subfield code="a">Αρχές ανάπτυξης λογισμικού</subfield>
  </datafield>
  <datafield tag="700" ind1="1" ind2=" ">
   <subfield code="a">Καλλές, Δημήτριος</subfield>
   <subfield code="e">Κριτικός αναγνώστης</subfield>
   <subfield code="8">2230</subfield>
  </datafield>
  <datafield tag="856" ind1="4" ind2="0">
   <subfield code="u">http://hdl.handle.net/11419/3160</subfield>
   <subfield code="z">Πλήρες Κείμενο - Full text</subfield>
  </datafield>
  <datafield tag="907" ind1=" " ind2=" ">
   <subfield code="a">.b25678607</subfield>
   <subfield code="b">12-06-18</subfield>
   <subfield code="c">29-07-16</subfield>
  </datafield>
  <datafield tag="949" ind1=" " ind2=" ">
   <subfield code="0">0</subfield>
   <subfield code="1">0</subfield>
   <subfield code="2">ddc</subfield>
   <subfield code="4">0</subfield>
   <subfield code="6">001_600000000000000_ΒΕΣ</subfield>
   <subfield code="7">0</subfield>
   <subfield code="8">KALL</subfield>
   <subfield code="8">619</subfield>
   <subfield code="d">2016-04-13</subfield>
   <subfield code="r">2016-04-13</subfield>
   <subfield code="w">2016-04-13</subfield>
   <subfield code="z">001.6 ΒΕΣ</subfield>
   <subfield code="o">SEAB KALLIPOS</subfield>
  </datafield>
  <datafield tag="998" ind1=" " ind2=" ">
   <subfield code="a">80</subfield>
   <subfield code="a">01</subfield>
   <subfield code="a">02</subfield>
   <subfield code="a">03</subfield>
   <subfield code="a">04</subfield>
   <subfield code="a">05</subfield>
   <subfield code="a">06</subfield>
   <subfield code="a">07</subfield>
   <subfield code="a">08</subfield>
   <subfield code="a">09</subfield>
   <subfield code="a">10</subfield>
   <subfield code="a">11</subfield>
   <subfield code="a">12</subfield>
   <subfield code="a">13</subfield>
   <subfield code="a">14</subfield>
   <subfield code="a">15</subfield>
   <subfield code="a">16</subfield>
   <subfield code="a">17</subfield>
   <subfield code="a">18</subfield>
   <subfield code="a">19</subfield>
   <subfield code="a">20</subfield>
   <subfield code="a">21</subfield>
   <subfield code="a">22</subfield>
   <subfield code="a">23</subfield>
   <subfield code="a">24</subfield>
   <subfield code="a">25</subfield>
   <subfield code="a">26</subfield>
   <subfield code="b">10-05-17</subfield>
   <subfield code="c">m</subfield>
   <subfield code="d">z  </subfield>
   <subfield code="e">-</subfield>
   <subfield code="f">gre</subfield>
   <subfield code="g">gr </subfield>
   <subfield code="h">0</subfield>
  </datafield>
  <datafield tag="942" ind1=" " ind2=" ">
   <subfield code="2">ddc</subfield>
   <subfield code="c">KALLIPOS</subfield>
  </datafield>
 </record>
</collection>
